ART PAPERS MAGAZINE/ (Record no. 4199)

MARC details
000 -LEADER
campo de control de longitud fija 00873nam a22002297a 4500
003 - IDENTIFICADOR DE NÚMERO DE CONTROL
campo de control OSt
005 - FECHA Y HORA DE LA ÚLTIMA TRANSACCIÓN
campo de control 20230823145528.0
008 - DATOS DE LONGITUD FIJA--INFORMACIÓN GENERAL
campo de control de longitud fija 221006b |||||||| |||| 00| 0 eng d
040 ## - FUENTE DE CATALOGACIÓN
Centro/agencia transcriptor Biblioteca Lado V
082 ## - NÚMERO DE LA CLASIFICACIÓN DECIMAL DEWEY
Número de clasificación 700
Número de ítem R331a
100 ## - ENTRADA PRINCIPAL--NOMBRE DE PERSONA
9 (RLIN) 962
Nombre de persona Reeve, Charles
Término indicativo de función/relación editor
245 ## - MENCIÓN DEL TÍTULO
Título ART PAPERS MAGAZINE/
260 ## - PUBLICACIÓN, DISTRIBUCIÓN, ETC.
Fecha de publicación, distribución, etc. 1999
Nombre del editor, distribuidor, etc. MITPREESS
Lugar de publicación, distribución, etc. Honduras
300 ## - DESCRIPCIÓN FÍSICA
Dimensiones 25.5x34cm
Extensión 70p.
490 ## - MENCIÓN DE SERIE
Mención de serie 9
Designación de volumen o secuencia 23.5
505 ## - NOTA DE CONTENIDO CON FORMATO
Título FEATURES
Nota de contenido con formato Slight of Hand: Photography in the 1990s<br/><br/>Maxwell´s Parish<br/><br/>Politically Indirect
505 ## - NOTA DE CONTENIDO CON FORMATO
Título COLUMNS AND RESOURCES
Nota de contenido con formato Letters<br/><br/>News<br/><br/>In Venice<br/><br/>Surviving<br/><br/>Departures<br/><br/>Studio Visit<br/><br/>Findings
650 ## - PUNTO DE ACCESO ADICIONAL DE MATERIA--TÉRMINO DE MATERIA
Fuente del encabezamiento o término Tesauro de Arte & Arquitectura
Término de materia o nombre geográfico como elemento de entrada ARTE
650 ## - PUNTO DE ACCESO ADICIONAL DE MATERIA--TÉRMINO DE MATERIA
Fuente del encabezamiento o término Tesauro de Arte & Arquitectura
Término de materia o nombre geográfico como elemento de entrada EXHIBICIONES
9 (RLIN) 702
650 ## - PUNTO DE ACCESO ADICIONAL DE MATERIA--TÉRMINO DE MATERIA
Fuente del encabezamiento o término Tesauro de Arte & Arquitectura
Término de materia o nombre geográfico como elemento de entrada ANALISIS
9 (RLIN) 703
942 ## - ELEMENTOS DE ENTRADA SECUNDARIOS (KOHA)
Fuente del sistema de clasificación o colocación Clasificación Decimal Dewey
Tipo de ítem Koha Libros
Parte de la signatura que corresponde a la clasificación (Parte de la clasificación) 700
Parte de la signatura que identifica el ejemplar (Parte del ítem) R331a
Suprimir en OPAC No
Holdings
Estatus retirado Estado de pérdida Fuente del sistema de clasificación o colocación Especificación de materiales (volumen encuadernado u otra parte) Estado de daño No para préstamo Colección Biblioteca de origen Biblioteca actual Fecha de adquisición Enumeración/cronología de publicación seriada Número de inventario Total de préstamos Signatura topográfica completa Código de barras Visto por última vez Precio de reemplazo Tipo de ítem Koha
    Clasificación Decimal Dewey 23.5     Revistas Biblioteca LadoV Biblioteca LadoV 23/08/2023 09 002835   700 R331a 002835 23/08/2023 23/08/2023 Libros